Stress test: cartoons on medicine

Salvato in:
Dettagli Bibliografici
Autore principale: Harris, Sidney (Autore)
Natura: Libro
Lingua:inglese
Pubblicazione: New Brunswick Rutgers University Press 1994
Edizione:1a. ed
Soggetti:
Tags: Aggiungi Tag
Nessun Tag, puoi essere il primo ad aggiungerne!!

MARC

LEADER 00000cam a2200000 a 4500
001 UCE3920
003 CL-VaPUC
008 141003e19940000us |||||||||||||||||eng|d
020 |a 0813520657 
082 0 4 |a 616.0207  |b HAR  |2 21 
100 |a Harris, Sidney  |e author  |9 576450 
245 1 0 |a Stress test: cartoons on medicine 
250 |a 1a. ed 
300 |a 151 p 
942 |c BK 
945 |d 20141003 14:17:00  |a arojas 
260 |a New Brunswick  |b Rutgers University Press  |c 1994 
650 7 |a STRESS  |2 CL-VaPUC  |9 311386 
650 0 |a Enfermedades  |9 263059 
650 0 |a Caricaturas  |9 359381 
650 0 |a Dibujos animados  |9 341013 
650 0 |a Humor gráfico  |9 536655 
650 0 |a Medicina   |9 258507 
583 |a last modification  |c 20141003 14:17:00  |k Rodrigo Vera 
999 |c 357037  |d 357035 
952 |0 0  |1 0  |3 erb  |4 0  |6 616_020700000000000_HAR_1994  |7 0  |8 A  |9 464844  |a BIBCUR  |b BIBCUR  |i 5116333  |o 616.0207 HAR 1994  |p 5116333  |r 2025-04-22  |w 2019-11-23  |y BK  |z Catalogado en:20141003  |k BCB